[Event "ICS rated blitz match"]
[Site "207.99.83.227"]
[Date "1999.04.04"]
[Round "?"]
[White "MNAGROCKI"]
[Black "Hossa"]
[Result "1-0"]
[WhiteElo "2016"]
[BlackElo "2388"]
[Annotator "Fritz 5.32 (15s)"]
[PlyCount "89"]

1. d4 Nf6 2. c4 g6 3. Nc3 Bg7 4. Nf3 O-O 5. e4 c5 6. d5 d6 7. Bd3 Bg4 8. O-O
$146 (8. h3 Bxf3 9. Qxf3 e6 (9... Nbd7 10. Bf4 Nh5 11. Be3 Qb6 12. Rb1 Ne5 13.
Qd1 Nxd3+ 14. Qxd3 a6 15. O-O e5 16. b4 Qc7 17. bxc5 dxc5 18. Na4 Rfb8 19. Bxc5
b5 20. Bb6 Rxb6 21. Nxb6 Qxb6 22. cxb5 Nf4 23. Qc4 axb5 24. Rxb5 Qf6 25. a4 Qg5
26. g3 Nxh3+ 27. Kg2 Qg4 28. f3 Nf4+ 29. Kf2 Nh3+ 30. Kg2 {
- Tubshintugs B-Fuchs G/ChWmU12 Duisburg <TY 1992 (30)}) 10. O-O exd5 11. cxd5
Nbd7 12. Qd1 a6 13. a4 Re8 14. Re1 Rc8 15. Be3 (15. Bc4 Ne5 16. Bf1 c4 17. a5
Nfd7 18. f4 Nd3 19. Bxd3 cxd3 20. Bd2 b5 21. Kh2 Nc5 22. Rb1 b4 23. Na2 Nxe4
24. Nxb4 Qh4 25. Rxe4 Rxe4 26. Nxd3 Rd4 27. Bc3 Rxd5 28. Qf3 Rb5 29. Bxg7 Kxg7
30. b4 Qh5 31. Qe3 Qd5 32. Nf2 Rc4 33. Rd1 Qf5 34. Nd3 Rd5 35. Qe2 Rcd4 36. g4
Qe4 37. Qb2 37... Kg8 {
0-1 Soppe,G-Hoffman,A/Clarin GP Final, Villa Gisell ARG 1998 (37)}) 15... Qa5
16. Qd2 Ne5 17. Bf1 h5 18. f3 Ned7 19. Nb1 Qd8 20. a5 Nh7 21. Na3 Ne5 22. Nc4
Nxc4 23. Bxc4 g5 24. Rac1 g4 25. Bf4 Bd4+ 26. Kh2 Qf6 27. b3 gxf3 28. gxf3 Kh8
29. Kh1 Rg8 30. Qh2 Ng5 31. Rf1 Rcd8 32. h4 Nh3 33. Bg3 Qg7 34. Qxh3 Qxg3 35.
Qxg3 Rxg3 36. Rc2 Rdg8 37. f4 R8g4 38. e5 Be3 39. e6 Bxf4 40. Rxf4 Rxf4 41. Rg2
41... Rxh4+ {0-1 Haik Aldo-Sokolov Ivan/Cup Rilton, Sweden 1988 (41)}) 8...
Bxf3 $14 (8... Nbd7 9. h3 Bxf3 10. Qxf3 $11) 9. Qxf3 Na6 10. a3 {Sichert b4}
10... Nd7 11. Bd2 $11 (11. Bc2 11... e6 $14) 11... Ne5 12. Qe2 12... Rc8 $14 (
12... Qb6 13. b3 $11) 13. f4 (13. Bc2 13... Nc7 $14) 13... Nxd3 14. Qxd3 Nc7
15. f5 {Weiss erobert Raum} 15... Qd7 16. Rae1 Be5 17. b3 Rce8 (17... Rb8 18.
Bh6 Rfe8 19. Qf3 $14) 18. Bh6 Bd4+ 19. Kh1 Bg7 20. Qe3 Qd8 (20... b6 21. Rf3 f6
22. b4 $16) 21. Rf3 21... Bd4 $18 (21... f6 $5 $16 $142) 22. Qd3 $16 (22. Qd2
$5 $18 $142) 22... Bg7 23. Rh3 $14 (23. Qd2 23... Kh8 $16) 23... Na6 $2 $18 (
23... Bxh6 $142 {damit waere Schwarz im Spiel geblieben} 24. Rxh6 24... Kg7 $14
) 24. Qe3 (24. Qd2 {waere im Gewinnsinne praeziser} 24... Bf6 $18) 24... Bd4
25. Qd3 $4 $11 {vergibt den Vorteil} (25. Qc1 $18 $142 {
mit klarem Vorteil fuer Weiss}) 25... Bg7 26. Ne2 $4 $14 {wirft den Vorteil weg
} (26. Qd2 $142 {ist der schnellste Weg} 26... Bf6 27. Nb5 $18) 26... Qa5 $18 (
26... Bxh6 $5 {ist vielleicht staerker} 27. Rxh6 27... Qa5 $14) 27. Rf1 $14 (
27. b4 $5 27... cxb4 28. Qd2 $18) 27... Bxh6 (27... Qxa3 $2 {uebersieht} 28.
Bxg7 Kxg7 29. Qe3 $18) 28. Rxh6 28... Qxa3 $18 (28... Kg7 29. Qh3 Rh8 30. fxg6
30... fxg6 $18 (30... hxg6 31. Rxf7+ Kxf7 32. Qe6+ (32. Rxh8 $6 {
verbietet sich, da} 32... Rxh8 33. Qxh8 33... Qxa3 $11) 32... Kf8 33. Rxh8+ Kg7
34. Rxe8 Qe1+ 35. Ng1 Kh6 36. Rg8 Qxg1+ 37. Kxg1 Kg5 38. Qf5+ Kh4 39. Rh8#))
29. Qh3 Qb2 30. Ng3 $4 $15 {gibt den Vorteil aus der Hand} (30. Rxh7 Qf6 31.
Ng3 $18) 30... Qg7 (30... Qxb3 31. Rxh7 Qc3 32. f6 Qxf6 33. Rxf6 b5 34. Qh6
exf6 35. Qg7#) 31. Ne2 $15 (31. e5 $5 $14 $142 {muss unbedingt geprueft werden}
) 31... Nb4 {Laesst den Springer von der Leine} 32. Rf3 32... g5 $16 (32... Nc2
$5 $15 $142 {und Schwarz kann noch kaempfen}) 33. Rg3 {Mit der Absicht Rxh7}
33... f6 34. Nf4 $1 {
bleibt am Druecker. Nun geraet Schwarz unter starken Druck.} 34... Rf7 $4 {
auch bessere Zuege haetten die Partie nicht gerettet.} (34... e5 $142 35. dxe6
35... Rb8 $18) 35. Qh5 (35. Ne6 $5 {und Weiss haette es noch leichter} 35...
Qh8 36. Qh5 36... Ref8 $18) 35... Rc8 (35... Rff8 36. Rh3 $1 {
ganz unerschrocken} 36... Nd3 (36... gxf4 $4 {der Springer ist tabu} 37. Rxh7
Qxg2+ 38. Kxg2 f3+ 39. Rxf3 Nxd5 40. Rg3#) 37. Nxd3 37... Rf7 $18) 36. h4 $11 (
36. Ne6 $142 {machte sofort alles klar} 36... Qxh6 37. Qxh6 $18) 36... Kh8 $4
$18 (36... gxf4 $142 {geht wohl noch} 37. Rg4 Nd3 38. Rxg7+ 38... Rxg7 $11) 37.
hxg5 fxg5 38. Rxg5 Qa1+ (38... Qxg5 {aendert nichts mehr} 39. Qxg5 Ra8 40. Qh5
$18) 39. Kh2 {Droht Matt: Qxf7} 39... Qg7 40. Rxg7 {Droht Matt} 40... Rxg7 41.
Ne6 {Droht Matt: Ng5} 41... Rd8 42. Nxg7 Kg8 (42... Rf8 {
hilft allerdings auch nicht} 43. Rxh7+ Kg8 44. Rh8+ Kxg7 45. Qh6+ Kf7 46. Qxf8#
) 43. Rxh7 (43. Ne6 Rc8 44. Qg5+ Kf7 45. Rxh7+ Ke8 46. Qxe7#) 43... Rf8 44. Ne6
Nd3 (44... Rxf5 {holt die Kuh nicht vom Eis} 45. Qg6#) 45. Qg6# 1-0

[Event "ICS rated blitz match"]
[Site "207.99.83.227"]
[Date "1999.04.05"]
[Round "?"]
[White "Hossa"]
[Black "brutus"]
[Result "0-1"]
[WhiteElo "2359"]
[BlackElo "2138"]
[Annotator "Fritz 5.32 (15s)"]
[PlyCount "73"]

1. e4 e6 2. Nf3 d5 3. exd5 exd5 4. d4 Bd6 5. Bb5+ (5. Bd3 Nc6 6. O-O (6. Bg5 f6
7. Bh4 Bg4 8. c3 Qe7+ 9. Be2 Bxf3 10. gxf3 O-O-O 11. O-O g5 12. Bg3 f5 13. Bxd6
Qxd6 14. Na3 Nge7 15. Nc2 Ng6 16. Bd3 Nh4 17. Ne3 Qf4 18. Be2 Rhg8 19. Ng2 Nxg2
20. Kxg2 g4 21. fxg4 fxg4 22. Qd3 Rg6 23. Rae1 Rf8 24. Bd1 Qg5 25. Qe3 Qh5 26.
Kh1 26... Qf5 {- Kreusch,F-Mailitis,K/Untergrombach GER 1999 (26)}) 6... Bg4 7.
Re1+ Nge7 8. c3 Qd7 9. b4 O-O 10. h3 Bf5 11. Na3 Rfe8 12. Nb5 Bxd3 13. Nxd6
Qxd6 14. Qxd3 Qg6 15. Qb5 a6 16. Qxb7 Qd6 17. b5 Na5 18. Qxa6 Rxa6 19. bxa6
19... Qxa6 {Handoko,E-Villamayor,B/Yangon MYA 1998/ - (59)}) 5... c6 6. Bd3 Bg4
7. O-O 7... Ne7 $146 (7... Qf6 8. Qe1+ Ne7 9. Bg5 Qe6 10. Qxe6 Bxe6 11. Re1 Nd7
12. Nbd2 Nf8 13. Re2 f6 14. Bh4 Kf7 15. Rae1 Neg6 16. Bg3 Nf4 17. Bxf4 Bxf4 18.
Nb3 b6 19. a4 a5 20. Nbd2 Re8 21. c4 Nd7 22. cxd5 {
Lorenz,W-Joerg,S/Nuernberg op 1-27 1990/0-1 (53)}) 8. Nbd2 Nd7 9. Re1 Nf6 10.
Nf1 O-O 11. Bg5 Ng6 12. Ne3 Be6 13. Bxg6 hxg6 14. Qe2 Qc7 15. Bxf6 gxf6 16. Nf1
Kg7 17. N3d2 Rae8 18. Qf3 Rh8 19. Ng3 Rh4 20. Qd3 Reh8 21. Nf3 R4h7 22. Rab1
Bg4 23. Rbd1 Bxf3 24. Qxf3 Rxh2 25. Re8 Bxg3 26. Rxh8 Bxf2+ 27. Kxf2 Rxh8 (
27... Kxh8 $6 28. Qxf6+ Kg8 29. Re1 $11) 28. c3 Rh5 29. Ke1 $2 (29. Qg4 $19)
29... Qh2 {Schwarz droht Rf5} 30. Rc1 (30. Qe2 {ist noch eine duenne Chance}
30... Qf4 31. Qf3 Rh1+ 32. Ke2 Qxf3+ 33. gxf3 Rh2+ 34. Kd3 Rxb2 35. a4 $19)
30... Rf5 31. Qe2 Qg3+ 32. Kd2 Rf2 33. Rg1 (33. Re1 {holt die Kuh nicht vom Eis
} 33... Qxg2 34. Qxf2 Qxf2+ 35. Re2 Qf4+ 36. Kc2 Qf5+ 37. Kc1 37... g5 $19)
33... Rxe2+ 34. Kxe2 f5 35. a3 (35. Rf1 {
kann das Vorangegangene nicht ungeschehen machen} 35... f4 $19) 35... f4 36.
Rf1 Qxg2+ 37. Rf2 0-1

[Event "ICS rated blitz match"]
[Site "207.99.83.227"]
[Date "1999.04.05"]
[Round "?"]
[White "Hossa"]
[Black "jahg"]
[Result "1-0"]
[WhiteElo "2334"]
[BlackElo "2228"]
[PlyCount "47"]

1. e4 c5 2. Bc4 e6 3. Nc3 a6 4. a4 Nc6 5. Nf3 d6 6. O-O Nf6 7. d4 cxd4 8. Nxd4
Qc7 9. Bg5 Be7 10. Nxc6 bxc6 11. Qf3 d5 12. exd5 cxd5 13. Bxf6 Bxf6 14. Bxd5
exd5 15. Rae1+ Be6 16. Nxd5 Qd8 17. Nc7+ Ke7 18. Nxa8 Qxa8 19. Qa3+ Ke8 20. Qb4
Be7 21. Qf4 Kf8 22. Rxe6 g5 23. Qe5 Rg8 24. Rxe7 {jahg resigns} 1-0

[Event "ICS rated blitz match"]
[Site "207.99.83.227"]
[Date "1999.04.05"]
[Round "?"]
[White "Hossa"]
[Black "MNAGROCKI"]
[Result "1-0"]
[WhiteElo "2351"]
[BlackElo "2098"]
[PlyCount "63"]

1. e4 e6 2. Nf3 g6 3. Bb5 Bg7 4. d4 Ne7 5. O-O O-O 6. Bf4 c6 7. Be2 d5 8. Nbd2
Nd7 9. Bd6 Re8 10. Bd3 Nb6 11. Bc5 Nd7 12. Nb3 b6 13. Bd6 Nf6 14. e5 Nd7 15.
Qc1 Bb7 16. Bxe7 Qxe7 17. Qf4 h6 18. Qg4 Kh7 19. Rae1 c5 20. Bb5 c4 21. Nc1 a6
22. Bxd7 Qxd7 23. c3 b5 24. Ne2 g5 25. Nd2 Qe7 26. f4 f5 27. exf6 Bxf6 28. fxg5
Bxg5 29. Nf4 Bc8 30. Nxd5 Qd6 31. Qe4+ Kh8 32. Rf7 {MNAGROCKI resigns} 1-0

[Event "ICS rated blitz match"]
[Site "207.99.83.227"]
[Date "1999.04.05"]
[Round "?"]
[White "MNAGROCKI"]
[Black "Hossa"]
[Result "0-1"]
[WhiteElo "2092"]
[BlackElo "2357"]
[PlyCount "116"]

1. d4 Nf6 2. c4 g6 3. Nc3 Bg7 4. Nf3 O-O 5. e4 c5 6. d5 d6 7. Bd3 Bg4 8. O-O
Bxf3 9. Qxf3 Na6 10. a3 Nd7 11. Qe2 Nc7 12. Bd2 Qe8 13. f4 Bd4+ 14. Kh1 Nf6 15.
f5 Bxc3 16. Bxc3 g5 17. a4 Rd8 18. h4 h6 19. hxg5 hxg5 20. g3 Nd7 21. Kg2 f6
22. Rh1 Nb6 23. Rh6 Kg7 24. Rg6+ Qxg6 25. fxg6 Rh8 26. a5 Nd7 27. Rh1 Rxh1 28.
Kxh1 Rh8+ 29. Kg2 Rh6 30. b4 cxb4 31. Bxb4 Na6 32. Qd2 Nxb4 33. Qxb4 Nc5 34.
Bc2 Kxg6 35. e5+ Kf7 36. exd6 exd6 37. a6 Rh8 38. axb7 Rb8 39. Qa5 Rxb7 40. Bd1
Kg7 41. Qd8 Ne4 42. g4 Kf7 43. Qc8 Rb2+ 44. Kg1 Nf2 45. Qe6+ Kg7 46. Bf3 Nh3+
47. Kf1 Rb1+ 48. Kg2 Nf4+ 49. Kf2 Nxe6 50. dxe6 Rb2+ 51. Ke3 Rb3+ 52. Ke4 a5
53. Bd1 Rb2 54. Kd5 Rd2+ 55. Kc6 Rxd1 56. Kd7 Re1 57. Kxd6 Re4 58. e7 58... Kf7
{MNAGROCKI resigns} 0-1

[Event "ICS rated blitz match"]
[Site "207.99.83.227"]
[Date "1999.04.05"]
[Round "?"]
[White "Hossa"]
[Black "MNAGROCKI"]
[Result "1-0"]
[WhiteElo "2363"]
[BlackElo "2086"]
[PlyCount "85"]

1. e4 e6 2. Nf3 g6 3. Bb5 Bg7 4. d4 Ne7 5. O-O O-O 6. Bf4 c6 7. Be2 d5 8. Nbd2
Nd7 9. Bd6 Re8 10. Bd3 Nb6 11. Bc5 Nd7 12. Nb3 Nxc5 13. Nxc5 b6 14. Nb3 f5 15.
e5 h6 16. Nfd2 Kh7 17. Qf3 g5 18. Qh5 Ng6 19. g3 Rf8 20. Nf3 g4 21. Nfd2 Qg5
22. Qxg5 hxg5 23. f3 gxf3 24. Rxf3 g4 25. Rf2 Bh6 26. Re1 a6 27. Kf1 b5 28. Ke2
Bd7 29. Nc5 Bc8 30. Ndb3 a5 31. Rh1 a4 32. Nd2 Ra7 33. h3 gxh3 34. Rxh3 Kg7 35.
Rfh2 Rh8 36. Nf3 f4 37. Rg2 Kf7 38. Bxg6+ Kxg6 39. gxf4+ Kf7 40. Ng5+ Ke7 41.
Rgh2 Bxg5 42. Rxh8 Bxf4 43. R2h7# {MNAGROCKI checkmated} 1-0

[Event "ICS rated blitz match"]
[Site "207.99.83.227"]
[Date "1999.04.05"]
[Round "?"]
[White "MNAGROCKI"]
[Black "Hossa"]
[Result "0-1"]
[WhiteElo "2081"]
[BlackElo "2368"]
[PlyCount "98"]

1. d4 Nf6 2. c4 g6 3. Nc3 Bg7 4. Nf3 O-O 5. e4 c5 6. d5 d6 7. Bd3 Bg4 8. O-O
Bxf3 9. Qxf3 Na6 10. a3 Nd7 11. Qe2 Nc7 12. Bd2 Qe8 13. f4 Bd4+ 14. Kh1 Nf6 15.
f5 Bxc3 16. Bxc3 g5 17. h4 h6 18. hxg5 hxg5 19. g3 Rc8 20. Kg2 Rb8 21. Rh1 e5
22. Bd2 Kg7 23. Bxg5 Rh8 24. Bh4 Qe7 25. g4 Rbg8 26. g5 Kf8 27. Kf2 Nd7 28. f6
Qd8 29. Qg4 Ke8 30. Bg3 Rxh1 31. Rxh1 Nxf6 32. Qf5 Rxg5 33. Qf3 Ng4+ 34. Kg2
Rg8 35. Rh7 Qe7 36. Be2 Nf6 37. Rh6 Nxe4 38. Qxe4 Qg5 39. Rh3 Qd2 40. Kf2 Qxb2
41. Qh7 Qd4+ 42. Kf1 Rg6 43. Bf2 Qb2 44. Be1 Qc1 45. Rf3 Qg5 46. Qxf7+ Kd8 47.
Bf2 Qc1+ 48. Be1 Qg5 49. Rf2 49... Qg1# {MNAGROCKI checkmated} 0-1

[Event "ICS rated blitz match"]
[Site "207.99.83.227"]
[Date "1999.04.05"]
[Round "?"]
[White "Hossa"]
[Black "MNAGROCKI"]
[Result "1-0"]
[WhiteElo "2373"]
[BlackElo "2076"]
[PlyCount "41"]

1. e4 e6 2. Nf3 g6 3. Bb5 Bg7 4. d4 Ne7 5. O-O c6 6. Bd3 d6 7. Be2 O-O 8. Bf4
f6 9. Nbd2 e5 10. Be3 Nd7 11. Nc4 Nb6 12. dxe5 Nxc4 13. Bxc4+ d5 14. exd5 cxd5
15. Bc5 Be6 16. Nd4 Qc8 17. Bxe7 Qxc4 18. Bxf8 Rxf8 19. Nxe6 Re8 20. b3 Qc6 21.
Nxg7 {MNAGROCKI resigns} 1-0

[Event "ICS rated blitz match"]
[Site "207.99.83.227"]
[Date "1999.04.05"]
[Round "?"]
[White "MNAGROCKI"]
[Black "Hossa"]
[Result "0-1"]
[WhiteElo "2071"]
[BlackElo "2378"]
[PlyCount "30"]

1. d4 Nf6 2. c4 g6 3. Nc3 Bg7 4. e4 d6 5. f4 O-O 6. Nf3 c5 7. d5 e6 8. Bd3 exd5
9. Nxd5 Nxd5 10. exd5 Re8+ 11. Be2 Qe7 12. Kf2 Bg4 13. Re1 Bxf3 14. gxf3 Bf6
15. Kg2 15... Bh4 {MNAGROCKI resigns} 0-1

[Event "ICS rated blitz match"]
[Site "207.99.83.227"]
[Date "1999.04.05"]
[Round "?"]
[White "Hossa"]
[Black "sjonnie"]
[Result "1-0"]
[WhiteElo "2392"]
[BlackElo "2107"]
[PlyCount "91"]

1. e4 c5 2. Bc4 e6 3. Nc3 Nc6 4. Nf3 a6 5. d4 cxd4 6. Nxd4 Nf6 7. Nxc6 dxc6 8.
Qxd8+ Kxd8 9. Bf4 Bc5 10. Na4 Ba7 11. O-O-O+ Ke7 12. e5 Nd5 13. Bxd5 exd5 14.
Bg5+ f6 15. exf6+ gxf6 16. Bh4 b5 17. Nc3 Bf5 18. Rd2 Kf7 19. h3 h5 20. Ne2 Bb8
21. Nd4 Bd7 22. g3 Be5 23. Nb3 Bd6 24. Rd3 a5 25. Rf3 Rh6 26. Nd4 Be5 27. Bg5
Rg6 28. Be3 c5 29. Nxb5 Bxb5 30. Bxc5 Rb8 31. c3 a4 32. Re1 Ke6 33. Rfe3 Kd7
34. Kb1 Rg7 35. Rd1 Bc4 36. Ka1 Kc6 37. Bb4 Rgb7 38. Ba3 Rb5 39. f4 Bd6 40. Re6
Rc8 41. Rxd6+ Kc7 42. Rxf6 Rg8 43. Bd6+ Kd7 44. Re1 Rg4 45. Re7+ Kd8 46. Rf8# {
sjonnie checkmated} 1-0

[Event "ICS rated blitz match"]
[Site "207.99.83.227"]
[Date "1999.04.05"]
[Round "?"]
[White "sjonnie"]
[Black "Hossa"]
[Result "0-1"]
[WhiteElo "2104"]
[BlackElo "2395"]
[PlyCount "26"]

1. d4 Nf6 2. Nc3 d5 3. Bg5 e6 4. e4 dxe4 5. Nxe4 Nbd7 6. Nf3 Be7 7. Bxf6 Nxf6
8. Bd3 O-O 9. Qd2 Nxe4 10. Bxe4 c5 11. O-O-O cxd4 12. Nxd4 f5 13. Bf3 13... Bg5
{sjonnie resigns} 0-1

[Event "ICS rated blitz match"]
[Site "207.99.83.227"]
[Date "1999.04.05"]
[Round "?"]
[White "rjml"]
[Black "Hossa"]
[Result "1/2-1/2"]
[WhiteElo "2038"]
[BlackElo "2379"]
[PlyCount "90"]

1. d4 Nf6 2. Nf3 e6 3. c4 Be7 4. Nc3 O-O 5. Bg5 d5 6. e3 Nbd7 7. Rc1 Bb4 8. a3
Bxc3+ 9. Rxc3 c6 10. Bd3 Qb6 11. Qc2 dxc4 12. Bxc4 Qd8 13. O-O Kh8 14. Ba2 Qe8
15. Bb1 h6 16. Bh4 Rg8 17. e4 Nh5 18. e5 Nf8 19. Qd2 Nd7 20. Kh1 g5 21. Bg3 Nb6
22. h4 Nd5 23. Rb3 Qd8 24. hxg5 Nxg3+ 25. fxg3 hxg5 26. Nh2 Rg7 27. Ng4 Qf8 28.
Be4 b6 29. Bxd5 cxd5 30. Nf6 Rg6 31. g4 Rh6+ 32. Kg1 Ba6 33. Rff3 Bc4 34. Rbc3
Qg7 35. Rh3 Rh4 36. Rxh4+ gxh4 37. Rh3 Qg6 38. Rxh4+ Kg7 39. Rh7+ Qxh7 40. Nxh7
Kxh7 41. Qg5 a5 42. Qh4+ Kg8 43. Qg5+ Kh7 44. Qh4+ Kg8 45. Qg5+ 45... Kh7 {
Game drawn by repetition} 1/2-1/2

[Event "ICS rated blitz match"]
[Site "207.99.83.227"]
[Date "1999.04.05"]
[Round "?"]
[White "Hossa"]
[Black "exclam"]
[Result "1-0"]
[WhiteElo "2367"]
[BlackElo "2173"]
[PlyCount "61"]

1. e4 c5 2. Bc4 e6 3. Nc3 Nc6 4. Nf3 a6 5. d4 cxd4 6. Nxd4 Qc7 7. O-O Nf6 8.
Bg5 Be7 9. Nf3 d6 10. Qd2 O-O 11. Rad1 b5 12. Bxf6 Bxf6 13. Qxd6 Qxd6 14. Rxd6
Bb7 15. Be2 Nb4 16. e5 Bxf3 17. exf6 Bxe2 18. Nxe2 gxf6 19. c3 Nxa2 20. Ra1
Rfd8 21. Rxd8+ Rxd8 22. Ng3 Nxc3 23. bxc3 Rd3 24. f3 Rxc3 25. Nh5 Rc6 26. Nxf6+
Kg7 27. Nd7 b4 28. Nb8 Rb6 29. Nxa6 b3 30. Nc5 b2 31. Rb1 {exclam resigns} 1-0

[Event "ICS rated blitz match"]
[Site "207.99.83.227"]
[Date "1999.04.05"]
[Round "?"]
[White "exclam"]
[Black "Hossa"]
[Result "0-1"]
[WhiteElo "2168"]
[BlackElo "2375"]
[PlyCount "72"]

1. e4 c5 2. Nf3 Nc6 3. d4 cxd4 4. Nxd4 Qb6 5. Nb3 Nf6 6. Nc3 e6 7. Be3 Qd8 8.
Be2 Bb4 9. f3 Bxc3+ 10. bxc3 d6 11. O-O O-O 12. Qd2 Ne8 13. Nd4 Ne5 14. f4 Ng6
15. Rab1 Nf6 16. Bd3 Ng4 17. Kh1 Qh4 18. h3 e5 19. f5 Nxe3 20. Qxe3 exd4 21.
cxd4 Ne7 22. Rf4 Qf6 23. e5 dxe5 24. dxe5 Qg5 25. Qf2 Nc6 26. f6 Nxe5 27. fxg7
Qxg7 28. Rb5 Re8 29. Rh4 Ng6 30. Rhh5 b6 31. Rbg5 Qa1+ 32. Kh2 Qxa2 33. Rxh7
Kxh7 34. Qh4+ Kg7 35. Qd4+ Kh6 36. Qf6 36... Qe6 {exclam resigns} 0-1

[Event "ICS rated blitz match"]
[Site "207.99.83.227"]
[Date "1999.04.05"]
[Round "?"]
[White "Hossa"]
[Black "rjml"]
[Result "1-0"]
[WhiteElo "2382"]
[BlackElo "2047"]
[PlyCount "57"]

1. e4 e5 2. Nf3 Nc6 3. Bb5 Bc5 4. O-O Qf6 5. d3 h6 6. Be3 Bb6 7. Bxb6 axb6 8.
Nc3 Nge7 9. Nd5 Nxd5 10. exd5 Ne7 11. Qe2 c6 12. dxc6 bxc6 13. Bc4 d6 14. Nd2
O-O 15. Rae1 Be6 16. Ne4 Qg6 17. Nxd6 Bh3 18. f4 Qxd6 19. gxh3 Qd4+ 20. Rf2
Qxb2 21. Qxe5 Qxe5 22. fxe5 Nd5 23. e6 fxe6 24. Rxe6 Rxf2 25. Kxf2 Rf8+ 26. Kg3
Kh8 27. Bxd5 cxd5 28. Rxb6 Ra8 29. Rb2 {rjml resigns} 1-0

[Event "ICS rated blitz match"]
[Site "207.99.83.227"]
[Date "1999.04.05"]
[Round "?"]
[White "rjml"]
[Black "Hossa"]
[Result "1-0"]
[WhiteElo "2043"]
[BlackElo "2386"]
[Annotator "Crafty v16.6"]
[PlyCount "56"]

{annotating for player Hossa using a scoring margin of +0.10 pawns. search
time limit is 20.00} 1. d4 1... Nf6 2. Nf3 e6 3. c4 Be7 4. Nc3 O-O 5. e4 d5 6.
e5 Ne4 7. Be3 Bb4 ({9:+0.09} 7... Bb4 8. Qc2 c5 9. Bd3 cxd4 10. Bxd4 Nc6 11.
Bxe4 dxe4 12. Qxe4 Nxd4 13. Qxd4 $10) ({9:+0.20} 7... Nc6 8. cxd5 exd5 9. Bd3
Bf5 10. O-O Nb4 11. Bxe4 dxe4 12. Nd2 Nd3 13. Ndxe4 13... Nxb2 $10) 8. Rc1 c5
9. Bd3 Nxc3 10. bxc3 Ba3 11. Bxh7+ Kxh7 12. Ng5+ Kg6 13. h4 Bxc1 14. h5+ Kh6
15. Nxf7+ Kh7 16. Qd3+ Kg8 17. Nxd8 Bxe3 18. fxe3 Rxd8 19. h6 Kf7 20. O-O+ Ke7
21. Qh7 Kd7 ({7:-12.22} 21... Kd7 22. hxg7 Kc7 23. g8=Q+ Bd7 24. Qxe6 cxd4 25.
exd4 dxc4 26. Qd6+ Kc8 27. Rf7 $18) ({7:-10.67} 21... Re8 22. hxg7 Kd8 23. Rf8
Bd7 24. Rxe8+ Bxe8 25. g8=Q Nd7 26. Qxe6 dxc4 27. Qxc4 $18) 22. hxg7 Kc6 23.
Rf8 Kb6 24. g8=Q Rxf8 25. Qxf8 Nd7 26. Qd8+ Kc6 27. cxd5+ exd5 28. c4 dxc4 1-0

[Event "ICS rated blitz match"]
[Site "207.99.83.227"]
[Date "1999.04.05"]
[Round "?"]
[White "Hossa"]
[Black "Milos"]
[Result "1-0"]
[WhiteElo "2358"]
[BlackElo "2059"]
[PlyCount "51"]

1. e4 e5 2. Nf3 Nc6 3. Bb5 a6 4. Bxc6 dxc6 5. O-O Bd6 6. d4 exd4 7. Qxd4 Bf8 8.
Qxd8+ Kxd8 9. Rd1+ Ke7 10. Bg5+ f6 11. Bf4 Bg4 12. Bxc7 Bxf3 13. gxf3 Ke6 14.
Nc3 Bb4 15. Na4 Rc8 16. Bb6 Nh6 17. Bc5 Bxc5 18. Nxc5+ Ke5 19. Nxb7 Rb8 20. Rd7
Kf4 21. Kg2 f5 22. Re1 Rhg8 23. e5 Rge8 24. h4 Rxe5 25. Nc5 Rxe1 26. Nd3# {
Milos checkmated} 1-0

[Event "ICS rated blitz match"]
[Site "207.99.83.227"]
[Date "1999.04.05"]
[Round "?"]
[White "Hossa"]
[Black "TioHoracio"]
[Result "1-0"]
[WhiteElo "2361"]
[BlackElo "2053"]
[PlyCount "53"]

1. e4 c5 2. Bc4 d6 3. Nf3 e6 4. O-O Nf6 5. Nc3 Be7 6. Re1 Nc6 7. d3 O-O 8. Bg5
a6 9. e5 Nxe5 10. Nxe5 dxe5 11. Rxe5 b5 12. Bb3 Bb7 13. Bxf6 gxf6 14. Re3 Kh8
15. Qh5 Rg8 16. Ne4 f5 17. Rh3 Rg7 18. Ng3 Qg8 19. f4 Rd8 20. a4 b4 21. Rb1 Rd4
22. Rf1 Bd6 23. Qh6 Rg6 24. Qh4 Bxf4 25. Rxf4 Rxf4 26. Qxf4 Rg4 27. Qe5+ {
TioHoracio resigns} 1-0

[Event "ICS rated blitz match"]
[Site "207.99.83.227"]
[Date "1999.04.05"]
[Round "?"]
[White "postalex"]
[Black "Hossa"]
[Result "0-1"]
[WhiteElo "2038"]
[BlackElo "2366"]
[Annotator "Fritz 5.32 (15s)"]
[PlyCount "51"]

1. e4 c5 2. Nf3 Nc6 3. d4 cxd4 4. Nxd4 Qb6 5. Nb3 Nf6 6. Nc3 e6 7. Be2 Bb4 (
7... d6 8. O-O Be7 9. Be3 Qc7 10. Qd2 a6 11. Rfd1 O-O 12. Bg5 Rd8 13. Nd4 Bd7
14. Nxc6 Bxc6 15. Qd4 h6 16. Be3 b5 17. Bf3 a5 18. a3 Qb7 19. Qb6 Qxb6 20. Bxb6
Rdc8 21. Re1 Nd7 22. Bd4) 8. O-O 8... Bxc3 $146 (8... O-O 9. Qd3 (9. Be3 Qc7
10. f3 d5 11. exd5 Bxc3 12. d6 Qd8 13. bxc3 Nd5 14. Bf2 Nxc3 15. Qd2 Qf6 16.
Bc4 Rd8 17. Rfe1 b5 18. Bf1 Rb8 19. Nd4 Rxd6 20. Qxc3 Nxd4 21. Qc7 Rdb6 22.
Rad1 R6b7 23. Qc3 23... Nf5 {Altgelt,A-Efimov,I/Budapest 1990/0-1 (46)}) 9...
Bxc3 (9... a6 10. Bg5 Be7 11. Rad1 Qc7 12. f4 d5 13. e5 Nd7 14. Bxe7 Nxe7 15.
Qh3 f5 16. Nd4 Nc5 17. Kh1 Nc6 18. Qe3 Nxd4 19. Qxd4 Kh8 20. g4 g6 21. gxf5
gxf5 22. Nxd5 exd5 23. e6+ Qg7 24. e7 Rg8 25. Rg1 Ne6 26. Rxg7 Nxg7 27. Rg1 Be6
28. h4 Bf7 29. h5 29... Rac8 {1-0 Wagman,S-Peric,S/Balatonbereny op 1988 (29)})
10. bxc3 d5 11. exd5 exd5 12. Bf4 Re8 13. Rab1 Ne4 14. c4 Nb4 15. Qf3 Qf6 16.
Bd3 Nc3 17. Rbe1 Be6 18. Qe3 Nxd3 19. cxd3 dxc4 20. dxc4 Nxa2 21. Be5 Qg6 22.
Ba1 f6 23. Qd4 {
Zelcic,R-Kurajica,B/Vinkovci International Tournament, Vink 1995/0-1 (39)}) 9.
bxc3 {Befestigt b4+d4} 9... Nxe4 10. Qd3 d5 11. c4 (11. Bf4 11... O-O $17)
11... Ne5 12. c5 $19 (12. Qh3 12... O-O $17) 12... Qb4 $17 (12... Nxd3 $5 13.
cxb6 Nxc1 14. Rfxc1 $19) 13. Qh3 O-O (13... Nxc5 14. Bd2 Qb6 15. Be3 $11) 14.
Bb2 Nc4 15. a3 Qa4 16. Bxc4 Qxc4 (16... dxc4 $6 17. Bxg7 e5 18. Qh4 $14) 17.
Nd4 $2 $19 (17. Qd3 $5 $17 $142) 17... e5 18. Nf5 Re8 (18... Nxc5 $6 19. Ne7+
Kh8 20. Qh5 $17) (18... Qxc2 $6 19. Bxe5 Bxf5 20. Qxf5 $17) 19. Qg4 (19. Rac1
19... Kh8 $19) 19... g6 20. Nh6+ Kg7 21. Qf4 (21. Qh4 Qxc2 22. Bc1 22... f5 $19
) 21... f6 (21... Qxc2 {waere hingegen schwach, denn} 22. Qxf7+ Kxh6 23. Bc1+
g5 24. Qxe8 Qxc5 25. Qxe5 $18) 22. Qe3 g5 (22... Qxc2 $5 {ginge schneller} 23.
Rab1 $19) 23. f3 Nxc5 (23... Kxh6 $6 {ist deutlich schlechter} 24. fxe4 Kg7 25.
Qf3 Qxc5+ 26. Rf2 $17) 24. Ng4 Bxg4 (24... d4 {ist genauer} 25. Qd2 $19) 25.
fxg4 Na4 (25... Qxc2 $6 {ist sichtlich schlechter} 26. Rf2 Qa4 27. Qxc5 $11)
26. h4 (26. Qf3 Qc5+ (26... Nxb2 $4 {der Laeufer darf nicht angetastet werden}
27. Qxf6+ Kg8 28. Qxg5+ Kh8 29. Rf7 Qc5+ 30. Kh1 $18) 27. Kh1 27... Qc6 $19 (
27... Nxb2 {wird erneut widerlegt} 28. Qxf6+ Kg8 29. Qxg5+ Kh8 30. Rf7 $18))
0-1